Ekologické aspekty obalov. 1 Predávajú a hromadia sa na skládkach
Čoraz častejšie sa o obale hovorí ako o piatom P tvoriacom marketing mix (product, price, place, promotion, packaging). Obaly väčšinou končia na skládkach spolu s ostatným odpadom. Obaly a životné prostredie. Záujem verejnosti o zachovanie ekologickej rovnováhy prírody o čisté, zdravé životné prostr...
Guardado en:
| Autor principal: | |
|---|---|
| Formato: | Capítulo de libro |
| Lenguaje: | eslovaco |
| Materias: | |
| Etiquetas: |
Sin Etiquetas, Sea el primero en etiquetar este registro!
|
MARC
| LEADER | 00000naa a2200000 4500 | ||
|---|---|---|---|
| 001 | r025453 | ||
| 005 | 20230626070500.3 | ||
| 041 | 0 | |a slo | |
| 044 | |a SK | ||
| 245 | 1 | 0 | |a Ekologické aspekty obalov. 1 |b Predávajú a hromadia sa na skládkach |c Adriana Pročková |
| 520 | |a Čoraz častejšie sa o obale hovorí ako o piatom P tvoriacom marketing mix (product, price, place, promotion, packaging). Obaly väčšinou končia na skládkach spolu s ostatným odpadom. Obaly a životné prostredie. Záujem verejnosti o zachovanie ekologickej rovnováhy prírody o čisté, zdravé životné prostredie. Základom "zeleného" marketingu je vývoj ekologicky bezpečnejších produktov, recyklovateľných a biodegradabilných obalov a ďalšie s nimi súvisiace marketingové aktivity. | ||
| 610 | 2 | 0 | |a obaly |
| 610 | 2 | 0 | |a ekológia |
| 610 | 2 | 0 | |a odpadky |
| 610 | 2 | 0 | |a odpad |
| 610 | 2 | 0 | |a marketing mix |
| 610 | 2 | 0 | |a reklama |
| 610 | 2 | 0 | |a ceny |
| 610 | 2 | 0 | |a skládky odpadu |
| 610 | 2 | 0 | |a ochrana prostredia životného |
| 610 | 2 | 0 | |a recyklácia odpadu |
| 100 | 1 | |a Pročková, Adriana | |